Normal view MARC view
  • Besteiro, Julián,

Entry Nombre Personal

Number of records used in: 3

001 - NUMERO DE CONTROL

  • campo de control: 3860

003 - IDENTIFICADOR DE NUMERO DE CONTROL

  • campo de control: DLC

005 - FECHA Y HORA DE LA ÜLTIMA TRANSACCIÓN

  • campo de control: 20220428095659.0

008 - DATOS DE LONGITUD FIJA

  • campo de control de longitud fija: 220428n| azannaabn |a aaa

010 ## - NÚMERO DE CONTROL DE LA BIBLIOTECA DEL CONGRESO

  • Número de control LC: n 50053241

035 ## - NUMERO DE CONTROL

  • Número de control: (OCoLC)oca00088109

040 ## - FUENTE DE CATALOGACIÓN

  • Agencia original de catalogación: DLC
  • Lenguaje de catalogación: spa
  • Agencia de transcripción: DLC
  • Description conventions: rda
  • Agencia que lo modifica: DLC
  • Agencia que lo modifica: OCoLC
  • Agencia que lo modifica: DLC
  • Agencia que lo modifica: MX-MxUPN

046 ## - FECHAS CON CODIFICACIÓN ESPECIAL

  • Fecha de nacimiento: 1870-09-21
  • Fecha de muerte: 1940-09-27
  • Fuente del formato de fecha: edtf

100 1# - ENCABEZAMIENTO - NOMBRE PERSONAL

  • Nombre personal: Besteiro, Julián,
  • Fechas asociadas con el nombre: 1870-1940

370 ## - LUGAR ASOCIADO

  • Associated country: España

373 ## - GRUPO ASOCIADO

  • Associated group: Partido Socialista Obrero Español

373 ## - GRUPO ASOCIADO

  • Associated group: Universidad de Madrid
  • Start period: 1912

373 ## - GRUPO ASOCIADO

  • Associated group: Unión General de Trabajadores

373 ## - GRUPO ASOCIADO

  • Associated group: Real Academia de Ciencias Morales y Políticas

374 ## - OCUPACIÓN

  • Occupation: Catedrático

374 ## - OCUPACIÓN

  • Occupation: Político

375 ## - GÉNERO

  • Gender: masculino

377 ## - LENGUA ASOCIADA

  • Language code: spa

400 1# - VEÁSE - NOMBRE DE PERSONA

  • Personal name: Besteiro Fernández, Julián,
  • Dates associated with a name: 1870-1940

400 1# - VEÁSE - NOMBRE DE PERSONA

  • Control subfield: nna
  • Personal name: Besteiro y Fernández, Julián,
  • Dates associated with a name: 1870-1940

400 1# - VEÁSE - NOMBRE DE PERSONA

  • Personal name: Fernández, Julián Besteiro y,
  • Dates associated with a name: 1870-1940

670 ## - FUENTE EN LA QUE SE LOCALIZARON DATOS

  • Cita de la fuente: Acción de la minoria socialista, 1918.

670 ## - FUENTE EN LA QUE SE LOCALIZARON DATOS

  • Cita de la fuente: En Wikipedia, consultado Abril 28, 2022:
  • Información localizada: (Julián Besteiro Fernández (Madrid, 21 de septiembre de 1870-Carmona, 27 de septiembre de 1940) fue un catedrático y político español, presidente de las Cortes durante la Segunda República, y también del Partido Socialista Obrero Español y de la Unión General de Trabajadores. Ocupación: Catedrático y político ; Empleador: Universidad de Madrid (desde 1912) ;Miembro de Real Academia de Ciencias Morales y Políticas)
  • Uniform Resource Identifier: https://es.wikipedia.org/wiki/Juli%C3%A1n_Besteiro

902 ## - CATALOGADOR

  • Catalogador: NDAF/220428